书目信息 |
| 题名: |
丘吉尔
|
|
| 作者: | 李乡状 编著 | |
| 分册: | ||
| 出版信息: | 长春 吉林大学出版社 2018重印 |
|
| 页数: | 391页 | |
| 开本: | 24cm | |
| 丛书名: | ||
| 单 册: | ||
| 中图分类: | K835.617=533 | |
| 科图分类: | ||
| 主题词: | 政治家--zheng zhi jia--英国--现代--生平事迹 | |
| 电子资源: | ||
| ISBN: | 978-7-5601-4682-9 | |
| 000 | 00853nam0 2200253 45 | |
| 001 | 012001011033 | |
| 005 | 20140104174941.0 | |
| 010 | @a978-7-5601-4682-9@dCNY58.00 | |
| 099 | @aCAL 012009183805 | |
| 100 | @a20091212d2009 em y0chiy0121 ea | |
| 101 | 0 | @achi |
| 102 | @aCN@b220000 | |
| 105 | @ay z 000yb | |
| 106 | @ar | |
| 200 | 1 | @a丘吉尔@Aqiu ji er@f李乡状等编著 |
| 210 | @a长春@c吉林大学出版社@d2018重印 | |
| 215 | @a391页@d24cm | |
| 330 | @a本书描述了丘吉尔的生平事迹,尤其对其作为著名军事家在重大战役中的指挥决策进行了重点描述。 | |
| 600 | 1 | @a丘吉尔@Aqiu ji er@g(Churchill, Winston Leonard Spencer),@f1874-1965@x生平事迹 |
| 606 | 0 | @a政治家@Azheng zhi jia@y英国@z现代@x生平事迹 |
| 690 | @aK835.617=533@v4 | |
| 701 | 0 | @a李乡状@Ali xiang zhuang@4编著 |
| 801 | 2 | @aCN@b上海新华@c20191020 |
| 905 | @b1137693-4@dK835.617=533@e1113@f2 | |
| 丘吉尔/李乡状等编著.-长春:吉林大学出版社,2018重印 |
| 391页;24cm |
| ISBN 978-7-5601-4682-9:CNY58.00 |
| 本书描述了丘吉尔的生平事迹,尤其对其作为著名军事家在重大战役中的指挥决策进行了重点描述。 |
| ● |
| 相关链接 |
|
|
|
|
正题名:丘吉尔
索取号:K835.617=533/1113
 
预约/预借
| 序号 | 登录号 | 条形码 | 馆藏地/架位号 | 状态 | 备注 |
| 1 | 1137693 | 211376937 | 第二样本阅览室/ [索取号:K835.617=533/1113] | 在馆 | |
| 2 | 1137694 | 211376946 | 第二借阅区/ [索取号:K835.617=533/1113] | 在馆 |